Contribución al estudio de los aceros nacionales de cementación al de la medida directa del espesor cementado / (Record no. 73024)
[ view plain ]
| 000 -LEADER | |
|---|---|
| campo de control de longitud fija | 00858nam a2200193 i 4500 |
| 001 - NÚMERO DE CONTROL | |
| campo de control | 73024 |
| 003 - IDENTIFICADOR DE NÚMERO DE CONTROL | |
| campo de control | ES-MaACL |
| 005 - FECHA Y HORA DE LA ÚLTIMA TRANSACCIÓN | |
| campo de control | 20230906171636.0 |
| 007 - CAMPO FIJO DE DESCRIPCIÓN FÍSICA--INFORMACIÓN GENERAL | |
| campo de control de longitud fija | t| |
| 008 - DATOS DE LONGITUD FIJA--INFORMACIÓN GENERAL | |
| campo de control de longitud fija | 040906s1964 sp ||||1| spa d |
| 100 1# - ENTRADA PRINCIPAL--NOMBRE DE PERSONA | |
| Nombre de persona | Gómez Baeza, Pedro. |
| 9 (RLIN) | 57824 |
| 245 10 - MENCIÓN DEL TÍTULO | |
| Título | Contribución al estudio de los aceros nacionales de cementación al de la medida directa del espesor cementado / |
| Mención de responsabilidad, etc. | por Pedro Gómez Baeza y Enrique Asensi Alvarez-Arenas. |
| 260 ## - PUBLICACIÓN, DISTRIBUCIÓN, ETC. | |
| Lugar de publicación, distribución, etc. | Madrid : |
| Nombre del editor, distribuidor, etc. | [s.n., |
| Fecha de publicación, distribución, etc. | 1964] ( |
| Fabricante | Imp. del Instituto Nacional de Técnica Aeroespacial Esteba Terradas) |
| 300 ## - DESCRIPCIÓN FÍSICA | |
| Extensión | 187 p., 9 lám. : |
| Otras características físicas | il. ; |
| Dimensiones | 24 cm. |
| 500 ## - NOTA GENERAL | |
| Nota general | Precede al tit.: Instituto Nacional de Técnica Aeroespacial Esteba Terradas. |
| 700 1# - ENTRADA AGREGADA--NOMBRE PERSONAL | |
| Nombre de persona | Asensi Alvarez-Arenas, Enrique. |
| 9 (RLIN) | 23574 |
| 710 2# - ENTRADA AGREGADA--NOMBRE DE ENTIDAD CORPORATIVA | |
| Nombre de entidad corporativa o nombre de jurisdicción como elemento de entrada | Instituto Nacional de Técnica Aeroespacial (España) |
| 9 (RLIN) | 5191 |
| 852 ## - LOCALIZACIÓN | |
| Ubicación | ES-MaACL |
| Número de control de estantería | C-26611 |
| Sublocalización o colección | R.55620 |
| Estatus retirado | Estado de pérdida | Estado de daño | No para préstamo | Biblioteca de origen | Biblioteca actual | Ubicación en estantería | Fecha de adquisición | Fuente de adquisición | Total de préstamos | Signatura topográfica completa | Código de barras | Visto por última vez | Precio de reemplazo | Tipo de ítem Koha |
|---|---|---|---|---|---|---|---|---|---|---|---|---|---|---|
| Biblioteca del Ateneo de Madrid | Biblioteca del Ateneo de Madrid | Depósito 2 | 17/01/2008 | C-26611 | 1076441 | 23/02/2023 | 23/02/2023 | Libro impreso |
